Formación y trasformación de una oligarquía : el caso de Arandas /

Investigación acerca de cómo se fue gestando la formación de grupos locales de poder en la comunidad de Arandas, región de los Altos de Jalisco, México, y su permanencia en el control político en defensa de sus intereses. Para su análisis el autor reúne datos sociopolíticos, económicos, geográficos...

Description complète

Enregistré dans:
Détails bibliographiques
Auteur principal: Martínez Saldaña, Tomás (autor)
Format: Livre
Langue:espagnol
Sujets:
Tags: Ajouter un tag
Pas de tags, Soyez le premier à ajouter un tag!

MARC

LEADER 00000nam^a2200000^a^4500
001 000260713
005 20250521000000.0
009 20260310110446.229
037 |a Acervo Xavier Clavigero 
041 |a ESP 
082 |a 320. 9723506  |b MAR 
100 |a Martínez Saldaña, Tomás  |e (autor) 
245 1 0 |a Formación y trasformación de una oligarquía :  |b el caso de Arandas /  |c T. Martínez Saldaña. 
264 |a México :  |b edición de autor,  |c 1975 
300 |a 114 p., [14] h. 
336 |a texto  |b txt  |2 rdacontenido 
337 |a sin mediación  |b n  |2 rdamedio 
338 |a volumen  |b nc  |2 rdasoporte 
520 |a Investigación acerca de cómo se fue gestando la formación de grupos locales de poder en la comunidad de Arandas, región de los Altos de Jalisco, México, y su permanencia en el control político en defensa de sus intereses. Para su análisis el autor reúne datos sociopolíticos, económicos, geográficos y etnohistóricos. Estos últimos cubren el período de1600 a 1975. 
593 |a Tesis de Lic. en Antropología Social, UIA 
649 |a XX 
650 |a Oligarquía -  |z Arandas, Jalisco 
650 |a Oligarquía -  |z Altos de Jalisco 
650 |a Oligarquía -  |z Jalisco 
650 |a Oligarquía -  |z México 
650 |a Poder Político -  |z Arandas, Jalisco 
650 |a Poder Político -  |z Altos de Jalisco 
650 |a Poder Político -  |z Jalisco 
650 |a Poder Político -  |z México 
650 |a Política -  |z Arandas, Jalisco -  |x Historia - 
650 |a Política -  |z Altos de Jalisco -  |x Historia 
650 |a Política -  |z Jalisco -  |x Historia 
650 |a Política -  |z México -  |x Historia 
650 |a Sociología Política 
650 |a Arandas, Jalisco -  |x Historia -  |y Siglo XX 
650 |a Arandas, Jalisco -  |x Historia 
650 |a Altos de Jalisco -  |x Historia -  |y Siglo XX 
650 |a Altos de Jalisco -  |x Historia 
650 |a Jalisco -  |x Historia -  |y Siglo XX 
650 |a Jalisco -  |x Historia 
650 |a México -  |x Historia -  |y Siglo XX 
650 |a México -  |x Historia 
650 |a Arandas, Jalisco -  |x Condiciones Sociales y Culturales 
650 |a Arandas, Jalisco -  |x Condiciones Políticas 
650 |a Altos de Jalisco -  |x Condiciones Sociales y Culturales 
650 |a Altos de Jalisco -  |x Condiciones Políticas 
650 |a Jalisco -  |x Condiciones Sociales y Culturales 
650 |a Jalisco -  |x Condiciones Políticas 
650 |a México -  |x Condiciones Sociales y Culturales 
650 |a México -  |x Condiciones Políticas 
910 |a Fondo General 
920 |a Impresos - Tesis Externas 
930 |a Colección General 
905 |a 101 
901 |a 045146  |b IT1  |c ACC  |u 20250521 
902 |a https://opac.biblio.iteso.mx/vufind/Record/000260713